Gaming Quiz

Random Gaming or Clickable Quiz

Find the PURE Fighting type Pokemon Quiz Stats

 Plays Quiz not verified by Sporcle

Challenge
Share
Tweet
Embed
Score 0/20 Timer 04:00
0 Plays Today
% Correct
Machop
96.2%
Hitmontop
96.2%
Hitmonlee
96.2%
Hitmonchan
96.2%
Machoke
94.9%
Primeape
94.9%
Sawk
94.9%
Machamp
93.6%
Mankey
93.6%
Tyrogue
93.6%
% Correct
Throh
92.3%
Makuhita
92.3%
Hariyama
92.3%
Mienfoo
92.3%
Timburr
92.3%
Conkeldurr
92.3%
Gurdurr
92.3%
Mienshao
89.7%
Riolu
87.2%
Pancham
79.5%

You're not logged in!

Compare scores with friends on all Sporcle quizzes.
OR
Log In

You Might Also Like...

Show Comments

Extras

Top Quizzes Today


Score Distribution

Your Account Isn't Verified!

In order to create a playlist on Sporcle, you need to verify the email address you used during registration. Go to your Sporcle Settings to finish the process.

Report this User

Report this user for behavior that violates our Community Guidelines.

Details: